[Event "Anti Cheating Blitz Cup"]
[Site "Chess.com INT"]
[Date "2020.05.20"]
[Round "3"]
[White "Bettalli, Francesco"]
[Black "Nazzaro, Daniele"]
[Result "1-0"]
[WhiteElo "2208"]
[BlackElo "1198"]
[PlyCount "69"]
[EventDate "2020.05.20"]
[EventType "swiss (blitz)"]
[EventRounds "11"]
[EventCountry "USA"]
[SourceTitle "CBM 196 Extra"]
[Source "ChessBase"]
[SourceDate "2020.07.31"]
[SourceVersion "1"]
[SourceVersionDate "2020.07.31"]
[SourceQuality "1"]

1. e4 c5 2. Nf3 g6 3. d4 cxd4 4. Nxd4 Nc6 5. c3 Bg7 6. Be3 Nf6 7. f3 0-0 8. Be2 d6 9. 0-0 Nxd4 10. cxd4 Qb6 11. Qd2 Bd7 12. Nc3 Rac8 13. Rab1 a6 14. Rfc1 Qa5 15. Nd5 Qxd2 16. Nxe7+ Kh8 17. Bxd2 Rxc1+ 18. Rxc1 Re8 19. e5 dxe5 20. dxe5 Rxe7 21. exf6 Re8 22. fxg7+ Kxg7 23. Bc3+ Kg8 24. Bc4 Re3 25. Kf2 Re7 26. Rd1 Bc6 27. Rd8+ Re8 28. Rxe8+ Bxe8 29. Ke3 Bc6 30. g3 Kf8 31. Bf6 Ke8 32. h4 Kd7 33. Bxf7 Kd6 34. Bg8 h6 35. Bf7 1-0